000 00795nam a2200241 a 4500
001 BRCA_5650
005 20190320205152.0
008 220211t1928----nyua######---#000-0#eng-#
041 _aeng
044 _anyu
050 4 _aNA7387
_b.B96 1928
100 1 _aByne, Arthur
_911595
245 1 0 _aMajorcan house and gardens
_ba Spanish island in the Mediterranean
_cArthur Byne & Mildred Stapley.
260 _aNueva York
_bW. Helburn
_c1928
300 _axviii p.
_bil. (algunas a color), 188 láminas
_c42 cm.
500 _aIncluye índice por región e índice de láminas
500 _aF122
650 1 4 _aArquitectura doméstica
_zMayorca, España
_914366
650 1 4 _aJardines
_zMayorca, España
_914367
700 1 _aByne, Mildred Stapley
_eCoautor
_914368
902 _aGFM
942 _2lcc
_cB
999 _c5343
_d5343